000 00802cam a2200217 4500
001 ABS61721
008 000000n1999 000 0 eng u
035 _a(Sirsi) u103289
100 _aTrimbos, J.
245 _aOutdoor advertising: proposals for reform
260 _c1999
490 _aJournal of Planning and Environment Law
_vNovember 1999, 978-982(5)
520 _aExamines the current legislation relating to outdoor advertising and highlights reform proposals. (Taken from journal headnote)
590 _aABS
650 _aOUTDOOR ADVERTISING
650 _aTOWN & COUNTRY PLANNING ACT 1990
650 _aREFORM
650 _aTOWN & COUNTRY PLANNING (CONTROL OF ADVERTISEMENTS) REGULATIONS 1992
690 _aENVIRONMENTAL AND LAND CONSULTANCY-PLANNING AND DEVELOPMENT
942 _n0
999 _c62070
_d62070